| 000 | 00329nam a22001217a 4500 | ||
|---|---|---|---|
| 999 |
_c5129 _d5129 |
||
| 008 | 250701b ||||| |||| 00| 0 eng d | ||
| 020 | _a9781405223102 | ||
| 082 | _aFIC STA | ||
| 100 |
_aSTANTON,ANDY _eAUTHOR |
||
| 245 | _aYOU'RE A BAD MAN,MR GUM! | ||
| 260 |
_a239 KENSINGTON HIGH STREET,LONDON W8 6SA _bEGMONT _c2006 |
||
| 942 | _2ddc | ||